Pokemon by Species Gen 8 - Statistics

General Stats
  • This quiz has been taken 8 times
  • The average score is 16 of 20
Answer Stats
Hint Answer % Correct
Raven Pokémon Corviknight, Corvisquire
100%
Fossil Pokémon Dracozolt, Arctozolt, Dracovish, Arctovish
100%
Formation Pokémon Falinks
100%
Secret Agent Pokémon Inteleon
100%
Black Tea Pokémon Polteageist, Sinistea
100%
Big Rock Pokémon Stonjourner
100%
Warrior Pokémon Zacian, Zamazenta
100%
Bulk Up Pokémon Grimmsnarl
86%
Sea Urchin Pokémon Pincurchin
86%
Rogue Monkey Pokémon Zarude
86%
Dog Pokémon Boltund
71%
Wild Horse Pokémon Glastrier
71%
Two-Sided Pokémon Morpeko
71%
Comedian Pokémon Mr. Rime
71%
Radiator Pokémon Centiskorch
57%
Caretaker Pokémon Drakloak
57%
Alloy Pokémon Duraludon
57%
Silent Pokémon Hatterene
57%
Radome Pokémon Dottler
43%
Dragon Orb Pokémon Regidrago
43%
No matching quizzes found
Score Distribution
Percent of People with Each Score
Percentile by Number Answered
Your Score History
You have not taken this quiz